Southville International School and Colleges
Your cart is empty.
  • Cart
  • Lists
    Public lists Eva Luna New books Lux_list list_1
    Your lists Log in to create your own lists
  • Log in to your account
  • Your cookies
  • Search history
Southville International School and Colleges
  • Advanced search
  • Recent comments
  • Most popular
  • Libraries

Log in to your account

Log in with GOOGLE


If you do not have an external account, but do have a local account, you can still log in:

  1. Home
  2. MARC view: The great hunt
Normal view MARC view ISBD view

The great hunt (Record no. 10717)

[ view plain ]
MARC details
000 -LEADER
fixed length control field 01237cam a2200361 a 4500
001 - CONTROL NUMBER
control field 579914
003 - CONTROL NUMBER IDENTIFIER
control field LC
005 - DATE AND TIME OF LATEST TRANSACTION
control field 20160310151520.0
008 - FIXED-LENGTH DATA ELEMENTS--GENERAL INFORMATION
fixed length control field 900604s1990 nyub 000 1 eng
010 ## - LIBRARY OF CONGRESS CONTROL NUMBER
LC control number 90011128
020 ## - INTERNATIONAL STANDARD BOOK NUMBER
International Standard Book Number 0312851405 (hbk)
020 ## - INTERNATIONAL STANDARD BOOK NUMBER
International Standard Book Number 0812509714 (pbk)
040 ## - CATALOGING SOURCE
Original cataloging agency DLC
Transcribing agency DLC
Modifying agency DLC
050 00 - LIBRARY OF CONGRESS CALL NUMBER
Classification number PS 3560
Item number .J82 1991
082 00 - DEWEY DECIMAL CLASSIFICATION NUMBER
Classification number FIC
Item number J76g 1991
100 1# - MAIN ENTRY--PERSONAL NAME
Personal name Jordan, Robert,
Dates associated with a name 1948-2007.
9 (RLIN) 17445
245 14 - TITLE STATEMENT
Title The great hunt
Statement of responsibility, etc Robert Jordan.
250 ## - EDITION STATEMENT
Edition statement 1st ed.
260 ## - PUBLICATION, DISTRIBUTION, ETC. (IMPRINT)
Place of publication, distribution, etc New York :
Name of publisher, distributor, etc Tom Doherty Associates,
Date of publication, distribution, etc c1991.
300 ## - PHYSICAL DESCRIPTION
Extent 600 p. :
Other physical details ill. ;
Dimensions 17 cm.
490 1# - SERIES STATEMENT
Series statement Book two of The wheel of time
490 0# - SERIES STATEMENT
Series statement TOR fantasy
650 #0 - SUBJECT ADDED ENTRY--TOPICAL TERM
Topical term or geographic name as entry element Rand al'Thor (Fictitious character)
Form subdivision Fiction.
9 (RLIN) 17446
655 #7 - INDEX TERM--GENRE/FORM
Genre/form data or focus term Fantasy fiction.
Source of term gsafd
9 (RLIN) 3053
800 1# - SERIES ADDED ENTRY--PERSONAL NAME
Personal name Jordan, Robert,
Dates associated with a name 1948-2007.
Title of a work Wheel of time ;
Volume/sequential designation bk. 2.
9 (RLIN) 17447
856 42 - ELECTRONIC LOCATION AND ACCESS
Materials specified Publisher description
Uniform Resource Identifier <a href="http://www.loc.gov/catdir/description/hol054/90011128.html">http://www.loc.gov/catdir/description/hol054/90011128.html</a>
856 42 - ELECTRONIC LOCATION AND ACCESS
Materials specified Contributor biographical information
Uniform Resource Identifier <a href="http://www.loc.gov/catdir/enhancements/fy0733/90011128-b.html">http://www.loc.gov/catdir/enhancements/fy0733/90011128-b.html</a>
906 ## - LOCAL DATA ELEMENT F, LDF (RLIN)
a 7
b cbc
c orignew
d 1
e ocip
f 19
g y-gencatlg
942 ## - ADDED ENTRY ELEMENTS (KOHA)
Source of classification or shelving scheme Library of Congress Classification
Koha item type Books
Holdings
Withdrawn status Lost status Source of classification or shelving scheme Damaged status Home library Current library Shelving location Date acquired Total Checkouts Full call number Barcode Date last seen Copy number Price effective from Koha item type
    Library of Congress Classification   Luxembourg Library Luxembourg Library Fiction Section 09/09/2013   PS 3560 .J82 1991 14108 02/04/2015 1 09/09/2013 Books
    Library of Congress Classification   Luxembourg Library Luxembourg Library Fiction Section 09/09/2013   PS 3560 .J82 1991 15211 02/04/2015 2 09/09/2013 Books

The great hunt

APA

Jordan R., . (1991). The great hunt. New York: Tom Doherty Associates.

Chicago

Jordan Robert, . 1991. The great hunt. New York: Tom Doherty Associates.

Harvard

Jordan R., . (1991). The great hunt. New York: Tom Doherty Associates.

MLA

Jordan Robert, . The great hunt. New York: Tom Doherty Associates. 1991.

  • Place hold
  • Print
  • Cite
  • Add to your cart (remove)
  • Save record
    BIBTEX Dublin Core MARCXML MARC (non-Unicode/MARC-8) MARC (Unicode/UTF-8) MARC (Unicode/UTF-8, Standard) MODS (XML) RIS
  • More searches
    Search for this title in:
    Other Libraries (WorldCat) Other Databases (Google Scholar) Online Stores (Bookfinder.com) Open Library (openlibrary.org)

Exporting to Dublin Core...

SOUTHVILLE LIBRARY

Southville International School and Colleges Library

1281 Tropical Ave. Cor. Luxembourg St., BF Homes International, Las Pinas City

Tel. No. 8256374 / 252358 Loc. 117/146

Powered by Koha